000 00885nam a22002897a 4500
003 CHAP
005 20220817042826.0
008 971013s1985 r 00010 d
010 _a56907
011 _a57879
035 _a62034
040 _cCHAP
090 _aFolleto 10937
100 0 0 _aSchuh, G. Edward.
_9103206
245 _aStrategic issues in international agriculture
260 _a(s.l.) :
_bFondo Monetario Internacional,
_c(1985)
300 _a41 p.
_b: grágs.
590 _aBATCH-UPD
_b10
_c20130110
_lUCH01
_h1902
590 _aBATCH-UPD
_b10
_c20130410
_lUCH01
_h1230
590 _aBATCH-UPD
_b10
_c20130914
_lUCH01
_h1928
590 _aCONVERSION
_b10
_c20130109
_lUCH01
_h1331
650 1 4 _aAgricultura
_xAspectos económicos.
650 1 4 _aPolítica agrícola.
_990283
901 _aBK
942 _cFOLL
949 _aFolleto 10937
_bBC
_cFOLL
_d-133022
_eTS1
_i62034
_si
999 _c56907
_d56907